000 00876nam a2200313 a 4500
001 53261
003 BD-RjUL
005 20211209075932.0
008 161004s1963 iluab b 000 0 eng
035 _a(OCoLC)ocm00552097
035 _a(BD-RjUL)53381
040 _aDLC
_cWSU
_dCHS
_dOCL
_dSER
_dOCL
_dZCU
_beng
041 _aeng
082 _a581.9
_bEYV 1963
090 _aQK101
_b.Ey64
100 1 _aEyre, S. R.
_9159203
245 1 0 _aVegetation and soils :
_ba world picture /
_cS. R. Eyre
260 _aChicago :
_bAldine Pub. Co.
_c[1963]
300 _axvi, 324 p. :
_bill. ;
_c24 cm.
504 _aBibliography: p. [309]-310.
650 0 _aPhytogeography.
_9159204
650 0 _aPlant ecology.
_9135339
650 0 _aSoils.
_9124380
650 2 _aBotany
_9159205
650 2 _aEcology
_9159206
650 2 _aSoil
_9159207
942 _2ddc
_cBK
999 _c53261
_d53261